|
|
|
|
| LEADER |
00000nam0a2200000 4500 |
| 001 |
162671 |
| 005 |
20231031160516.0 |
| 010 |
|
|
|a 525300064X
|
| 035 |
|
|
|a (RuTPU)RU\TPU\book\176448
|
| 090 |
|
|
|a 162671
|
| 100 |
|
|
|a 20090625d1990 m y0rusy50 ca
|
| 101 |
1 |
|
|a rus
|c fre
|
| 102 |
|
|
|a RU
|
| 105 |
|
|
|a a z 001ay
|
| 200 |
1 |
|
|a Правдивое комическое жизнеописание Франсиона
|e роман
|e пер. с фр.
|f Ш. Сорель
|g авт. предисл. и примеч. А. Бондарев
|
| 210 |
|
|
|a Москва
|c Правда
|d 1990
|
| 215 |
|
|
|a 592 с.
|c ил.
|
| 320 |
|
|
|a Библиогр. в примеч.: с.572-590
|
| 610 |
1 |
|
|a французская литература
|
| 610 |
1 |
|
|a романы
|
| 675 |
|
|
|a 84
|v 3
|
| 700 |
|
1 |
|a Сорель
|b Ш.
|g Шарль
|
| 702 |
|
1 |
|a Бондарев
|b А.
|4 080
|
| 801 |
|
1 |
|a RU
|b 63413507
|c 20090625
|g PSBO
|
| 942 |
|
|
|c BK
|